[Event "Maharashtra op 3rd"]
[Site "Hadapsar"]
[Date "2025.04.20"]
[Round "1"]
[White "Vaibhav, Jayant Raut"]
[Black "Abhishek, Kelkar"]
[Result "1/2-1/2"]
[WhiteElo "2327"]
[BlackElo "2175"]
[PlyCount "50"]
[EventDate "2025.04.20"]
[EventType "swiss"]
[EventRounds "10"]
[EventCountry "IND"]
[SourceTitle "CB18_2025"]
[SourceDate "2025.04.30"]
[SourceVersion "1"]
[SourceVersionDate "2025.04.30"]
[SourceQuality "1"]

1. c4 e5 2. Nc3 d6 3. Nf3 f5 4. d4 e4 5. Ng5 Be7 6. Nh3 Nf6 7. Bg5 c6 8. e3 0-0 9. Be2 Na6 10. 0-0 Nc7 11. f3 exf3 12. Bxf3 Ng4 13. Bxg4 Bxg5 14. Nxg5 Qxg5 15. Bh3 Qxe3+ 16. Kh1 Bd7 17. Qb3 Qxd4 18. c5+ Ne6 19. cxd6 g6 20. Rad1 Qb6 21. Qc4 Qc5 22. Qb3 Qb6 23. Qc4 Qc5 24. Qb3 Qb6 25. Qc4 Qc5 1/2-1/2

[Event "Titled Tuesday intern op 28th Jan Early"]
[Site "Chess.com INT"]
[Date "2025.01.28"]
[Round "6"]
[White "Abhishek, Kelkar"]
[Black "Martel Bruniaux, Malko"]
[Result "0-1"]
[WhiteElo "2175"]
[BlackElo "2187"]
[PlyCount "88"]
[EventDate "2025.01.28"]
[EventType "swiss (blitz)"]
[EventRounds "11"]
[EventCountry "USA"]
[SourceTitle "CB06_2025"]
[SourceDate "2025.02.05"]
[SourceVersion "1"]
[SourceVersionDate "2025.02.05"]
[SourceQuality "1"]

1. d4 Nf6 2. c4 b6 3. Nc3 Bb7 4. Nf3 d5 5. e3 e6 6. Be2 dxc4 7. Bxc4 Be7 8. 0-0 0-0 9. a3 Ne4 10. Nxe4 Bxe4 11. b4 c5 12. bxc5 bxc5 13. Bb2 Nc6 14. Qa4 Qa5 15. Qxa5 Nxa5 16. Be2 Rab8 17. Bc3 Nb3 18. Ra2 Bxf3 19. Bxf3 cxd4 20. exd4 Bf6 21. Rd1 Rfc8 22. Bb4 Nxd4 23. Be4 g6 24. g3 Rb5 25. Kg2 a5 26. Bd6 Rd8 27. Bf4 e5 28. Be3 Ne6 29. Rxd8+ Bxd8 30. Rc2 Kg7 31. Rc8 Bg5 32. Ba7 Rb3 33. Bd5 Rxa3 34. Bxe6 fxe6 35. Rc7+ Kg8 36. h4 Bf6 37. Rb7 a4 38. Be3 Rb3 39. Ra7 a3 40. Kf3 h5 41. Ke4 Rb4+ 42. Kd3 e4+ 43. Kc2 Rb2+ 44. Kc1 a2 0-1

[Event "Titled Tuesday intern op 28th Jan Early"]
[Site "Chess.com INT"]
[Date "2025.01.28"]
[Round "4"]
[White "Abhishek, Kelkar"]
[Black "Matveeva, Olga"]
[Result "1-0"]
[WhiteElo "2175"]
[BlackElo "2181"]
[PlyCount "79"]
[EventDate "2025.01.28"]
[EventType "swiss (blitz)"]
[EventRounds "11"]
[EventCountry "USA"]
[SourceTitle "CB06_2025"]
[SourceDate "2025.02.05"]
[SourceVersion "1"]
[SourceVersionDate "2025.02.05"]
[SourceQuality "1"]

1. d4 Nf6 2. c4 e6 3. Nf3 c5 4. d5 exd5 5. cxd5 d6 6. Nc3 g6 7. Bf4 a6 8. a4 Bg7 9. h3 0-0 10. e3 Re8 11. Be2 Qe7 12. 0-0 Nbd7 13. Qc2 Nh5 14. Bh2 f5 15. Nd2 Nhf6 16. Nc4 Ne5 17. Nxe5 dxe5 18. Rfd1 Rd8 19. a5 Ne8 20. Na4 Bf8 21. Nb6 Rb8 22. Qc3 Bg7 23. Na4 Nd6 24. Qxc5 Bd7 25. Nb6 Be8 26. Rac1 Kh8 27. Qc7 Qg5 28. b4 f4 29. exf4 exf4 30. Qc2 Bb5 31. Bf3 Rf8 32. Re1 Rbd8 33. Qd2 Bd7 34. Kh1 Qh4 35. Rc7 Bb5 36. Ree7 Nf5 37. Re4 Nd6 38. Rxf4 Rxf4 39. Bxf4 Nf5 40. Bg5 1-0

[Event "Vijayawad op"]
[Site "Vijayawad"]
[Date "2024.10.22"]
[Round "2"]
[White "Abhishek, Kelkar"]
[Black "Kavitha, PL."]
[Result "1-0"]
[WhiteElo "2184"]
[BlackElo "1715"]
[PlyCount "45"]
[EventDate "2024.10.22"]
[EventType "swiss"]
[EventRounds "9"]
[EventCountry "IND"]
[SourceTitle "CB16_2025"]
[SourceDate "2025.04.16"]
[SourceVersion "1"]
[SourceVersionDate "2025.04.16"]
[SourceQuality "1"]

1. c4 e5 2. Nc3 Nf6 3. e3 Nc6 4. a3 a5 5. b3 b6 6. Bb2 Bc5 7. Nge2 0-0 8. g3 Bb7 9. Bg2 Rb8 10. 0-0 Re8 11. f4 exf4 12. Rxf4 Bd6 13. Rf1 Ne5 14. Bxb7 Rxb7 15. Nf4 c6 16. Qc2 g5 17. Nfe2 g4 18. Qf5 Nf3+ 19. Rxf3 gxf3 20. Qg5+ Kh8 21. Ne4 Re6 22. Nxf6 Bf8 23. Qg8# 1-0

[Event "Pune Rapid op 12th"]
[Site "Pune"]
[Date "2024.05.23"]
[Round "7"]
[White "Abhishek, Kelkar"]
[Black "Karthikeyan, P2."]
[Result "0-1"]
[WhiteElo "2137"]
[BlackElo "2222"]
[PlyCount "52"]
[EventDate "2024.05.23"]
[EventType "swiss (rapid)"]
[EventRounds "9"]
[EventCountry "IND"]
[SourceTitle "CBM 220 Extra"]
[Source "ChessBase"]
[SourceDate "2024.07.31"]
[SourceVersion "1"]
[SourceVersionDate "2024.07.31"]
[SourceQuality "1"]

1. d4 Nf6 2. c4 g6 3. h4 c6 4. h5 Nxh5 5. e4 d5 6. e5 Na6 7. cxd5 cxd5 8. Nc3 Nc7 9. Qb3 Ng7 10. Nf3 a6 11. Ng5 Nge6 12. Rxh7 Rxh7 13. Nxh7 Bg7 14. Ng5 Nxd4 15. Qa4+ Nc6 16. Qh4 Nxe5 17. Qh7 Kf8 18. Bf4 Ng4 19. Bd3 e5 20. Bd2 e4 21. Be2 e3 22. Bxe3 Nxe3 23. fxe3 Qxg5 24. 0-0-0 Qxe3+ 25. Kb1 Bf5+ 26. Ka1 Bxc3 0-1

[Event "Pune Blitz op 13th"]
[Site "Pune"]
[Date "2024.05.22"]
[Round "8"]
[White "Ahaz, EU."]
[Black "Abhishek, Kelkar"]
[Result "0-1"]
[WhiteElo "1829"]
[BlackElo "2144"]
[PlyCount "74"]
[EventDate "2024.05.22"]
[EventType "swiss (blitz)"]
[EventRounds "9"]
[EventCountry "IND"]
[SourceTitle "CBM 220 Extra"]
[Source "ChessBase"]
[SourceDate "2024.07.31"]
[SourceVersion "1"]
[SourceVersionDate "2024.07.31"]
[SourceQuality "1"]

1. d4 d5 2. Nf3 Nf6 3. c4 c6 4. Nc3 dxc4 5. a4 Bf5 6. Ne5 Nbd7 7. Nxc4 Nb6 8. Ne5 a5 9. f3 Nfd7 10. Bf4 Nxe5 11. Bxe5 e6 12. e4 Bg6 13. Be2 Nd7 14. Bg3 Be7 15. 0-0 0-0 16. f4 f5 17. Bc4 Bf7 18. exf5 exf5 19. Bxf7+ Rxf7 20. d5 Nf6 21. dxc6 bxc6 22. Qc2 Ng4 23. Bf2 Nxf2 24. Qxf2 Rb8 25. Kh1 Qb6 26. Qf3 Bf6 27. Rfd1 Re7 28. Qd3 Rbe8 29. Rab1 Qb3 30. h3 Qe6 31. Qa6 Qe3 32. Qxa5 Qxf4 33. Rf1 Qg3 34. Qxf5 Be5 35. Kg1 Qh2+ 36. Kf2 Bd4+ 37. Kf3 Re3+ 0-1

[Event "IND-ch 60th"]
[Site "Pune"]
[Date "2023.08.22"]
[Round "7"]
[White "Lad, Mandar Pradip"]
[Black "Abhishek, Kelkar"]
[Result "1/2-1/2"]
[WhiteElo "1954"]
[BlackElo "2217"]
[PlyCount "136"]
[EventDate "2023.08.16"]
[EventType "swiss"]
[EventRounds "11"]
[EventCountry "IND"]
[SourceTitle "CBM 216 Extra"]
[Source "ChessBase"]
[SourceDate "2023.11.30"]
[SourceVersion "1"]
[SourceVersionDate "2023.11.30"]
[SourceQuality "1"]

1. d4 Nf6 2. c4 e6 3. Nf3 b6 4. g3 Ba6 5. Qa4 c6 6. Nc3 d5 7. cxd5 exd5 8. Bg2 b5 9. Qc2 Nbd7 10. 0-0 Be7 11. Bf4 0-0 12. a3 Re8 13. Rfe1 Bb7 14. e4 dxe4 15. Nxe4 Nxe4 16. Qxe4 Nf6 17. Qc2 Nd5 18. Bd2 Qb6 19. Ne5 Rad8 20. Qf5 Bf6 21. Bxd5 cxd5 22. Nd7 Bc8 23. Nxb6 Bxf5 24. Nxd5 Be5 25. Rxe5 Rxe5 26. dxe5 Rxd5 27. Bc3 h5 28. f3 Kf8 29. a4 a6 30. axb5 axb5 31. Ra8+ Ke7 32. Bb4+ Kd7 33. Ra7+ Kc6 34. Rxf7 Rxe5 35. Bc3 Rd5 36. Bb4 Re5 37. Bc3 Rd5 38. Rxg7 Kc5 39. Rc7+ Kb6 40. Re7 Kc5 41. Re5 Rxe5 42. Bxe5 Kd5 43. Bc3 Bh3 44. Kf2 Ke6 45. g4 hxg4 46. Kg3 Kf5 47. Bd2 Bf1 48. fxg4+ Ke4 49. h4 Be2 50. h5 Ke5 51. Bc3+ Ke6 52. Kh4 Bd1 53. Kg5 Kf7 54. Bd4 Be2 55. Kh4 Ke6 56. Be3 Bd1 57. Bf4 Be2 58. g5 Kf5 59. g6 Bd1 60. Bd2 Be2 61. Bc3 Bd1 62. Bd2 Be2 63. g7 Bc4 64. Be3 Bb3 65. Kg3 Kf6 66. Bh6 Kf7 67. Kf4 Kg8 68. Ke5 Bd1 1/2-1/2

[Event "Aurangabad MyBrain op 1st"]
[Site "Aurangabad"]
[Date "2018.04.29"]
[Round "6"]
[White "Bhandarkar, Dinesh"]
[Black "Abhishek, Kelkar"]
[Result "0-1"]
[WhiteElo "1697"]
[BlackElo "2285"]
[PlyCount "138"]
[EventDate "2018.04.28"]
[EventType "swiss (rapid)"]
[EventRounds "9"]
[EventCountry "IND"]
[SourceTitle "CBM 184 Extra"]
[Source "ChessBase"]
[SourceDate "2018.06.28"]
[SourceVersion "1"]
[SourceVersionDate "2018.06.28"]
[SourceQuality "1"]

1. e4 c6 2. d4 d5 3. Nd2 dxe4 4. Nxe4 Nf6 5. Nxf6+ exf6 6. Bc4 Bd6 7. Nf3 0-0 8. 0-0 Bf5 9. c3 Nd7 10. Be3 Qc7 11. h3 Rfe8 12. Qb3 Nf8 13. Rfe1 Ng6 14. Rad1 b5 15. Bd3 Be6 16. Qc2 Qd7 17. Bf1 Bc7 18. b3 Bf5 19. Qc1 Rad8 20. c4 bxc4 21. bxc4 Ba5 22. Bd2 Bb6 23. Rxe8+ Rxe8 24. Be3 h6 25. Qc3 Kh7 26. a4 Qd8 27. Bd3 Bxd3 28. Qxd3 Qd7 29. Nh4 Rd8 30. Nf5 Kg8 31. g4 Ne7 32. Qe4 Nxf5 33. Qxf5 Qe7 34. Qf3 Qe8 35. c5 Bc7 36. Bf4 Bxf4 37. Qxf4 Qe6 38. Qc7 Rd7 39. Qc8+ Kh7 40. Qa6 g6 41. Qd3 Kg7 42. Qe3 Qc4 43. a5 Qa4 44. Qf3 Rd5 45. Qd3 Qxa5 46. Rb1 Qxc5 47. dxc5 Rxd3 48. Rb7 Rxh3 49. Rc7 Rc3 50. Rxc6 a5 51. Rc8 a4 52. c6 a3 53. Ra8 Rxc6 54. Rxa3 Rc4 55. f3 Rc2 56. Ra7 g5 57. Ra8 Rb2 58. Rc8 f5 59. Rc4 fxg4 60. fxg4 Kg6 61. Rc6+ f6 62. Rc4 h5 63. gxh5+ Kxh5 64. Kh1 f5 65. Kg1 f4 66. Kh1 Kg4 67. Kg1 Kg3 68. Rc1 f3 69. Kh1 Rh2+ 0-1

[Event "Aurangabad MyBrain op 1st"]
[Site "Aurangabad"]
[Date "2018.04.29"]
[Round "8"]
[White "Laxman, Rajaram"]
[Black "Abhishek, Kelkar"]
[Result "0-1"]
[WhiteElo "2446"]
[BlackElo "2285"]
[PlyCount "100"]
[EventDate "2018.04.28"]
[EventType "swiss (rapid)"]
[EventRounds "9"]
[EventCountry "IND"]
[SourceTitle "CBM 184 Extra"]
[Source "ChessBase"]
[SourceDate "2018.06.28"]
[SourceVersion "1"]
[SourceVersionDate "2018.06.28"]
[SourceQuality "1"]

1. Nf3 Nf6 2. g3 d5 3. Bg2 c6 4. d4 Bf5 5. 0-0 h6 6. b3 e6 7. Bb2 Be7 8. c4 0-0 9. Nc3 Nbd7 10. e3 Ne4 11. Qe2 Nxc3 12. Bxc3 Be4 13. Rfd1 Rc8 14. Bh3 Qc7 15. Nd2 Bg6 16. e4 dxe4 17. Nxe4 Rfe8 18. a4 Rcd8 19. Bg2 Nf6 20. Nd2 Bh5 21. Bf3 Bg6 22. a5 c5 23. dxc5 Bxc5 24. b4 Bd4 25. Rac1 Bd3 26. Qe1 e5 27. Nb3 Qxc4 28. Bxd4 Qxb3 29. Bxa7 e4 30. Bg2 Nd5 31. Bc5 f5 32. Qd2 Nf6 33. Qf4 Qe6 34. Bh3 Rd5 35. Qc7 Rd7 36. Qf4 Rd5 37. Bb6 Nd7 38. Bc7 Qf7 39. Qe3 Ne5 40. Bxe5 Rdxe5 41. Bf1 Bxf1 42. Kxf1 f4 43. gxf4 Rf5 44. Qb6 Rxf4 45. Rc7 Rxf2+ 46. Kg1 Rg2+ 47. Kxg2 Qf3+ 48. Kg1 Qxd1+ 49. Kg2 Qf3+ 50. Kg1 e3 0-1

[Event "Aurangabad MyBrain op 1st"]
[Site "Aurangabad"]
[Date "2018.04.28"]
[Round "5"]
[White "Abhishek, Kelkar"]
[Black "Sriram, Jha"]
[Result "0-1"]
[WhiteElo "2285"]
[BlackElo "2394"]
[PlyCount "58"]
[EventDate "2018.04.28"]
[EventType "swiss (rapid)"]
[EventRounds "9"]
[EventCountry "IND"]
[SourceTitle "CBM 184 Extra"]
[Source "ChessBase"]
[SourceDate "2018.06.28"]
[SourceVersion "1"]
[SourceVersionDate "2018.06.28"]
[SourceQuality "1"]

1. Nf3 c5 2. g3 Nc6 3. Bg2 g6 4. 0-0 Bg7 5. c4 d6 6. Nc3 e6 7. b3 Nge7 8. Bb2 0-0 9. Na4 e5 10. d3 a6 11. Nc3 h6 12. Rb1 Be6 13. Nd2 Rb8 14. Nd5 Bxd5 15. cxd5 Nb4 16. a3 Nbxd5 17. b4 cxb4 18. axb4 Nxb4 19. Ba3 Nbc6 20. Nc4 b5 21. Bxd6 bxc4 22. Bxb8 cxd3 23. Qa4 dxe2 24. Rfe1 Nxb8 25. Rxe2 Nf5 26. Reb2 Nd7 27. Qxa6 Nc5 28. Qc4 Ne6 29. Rb7 Nd6 0-1

[Event "Thane ARMS op 1st"]
[Site "Thane"]
[Date "2018.04.21"]
[Round "6"]
[White "Abhishek, Kelkar"]
[Black "Bhambure, Shantanu"]
[Result "1-0"]
[WhiteElo "2285"]
[BlackElo "2183"]
[PlyCount "85"]
[EventDate "2018.04.21"]
[EventType "swiss (rapid)"]
[EventRounds "9"]
[EventCountry "IND"]
[SourceTitle "CBM 184 Extra"]
[Source "ChessBase"]
[SourceDate "2018.06.28"]
[SourceVersion "1"]
[SourceVersionDate "2018.06.28"]
[SourceQuality "1"]

1. b3 d5 2. Bb2 Nf6 3. e3 c5 4. Nf3 a6 5. c4 e6 6. cxd5 exd5 7. d3 Nc6 8. Be2 Be7 9. 0-0 0-0 10. Nbd2 d4 11. e4 b5 12. a3 Bb7 13. Re1 Nd7 14. Rc1 Nb6 15. Nf1 a5 16. Ng3 g6 17. h4 a4 18. h5 axb3 19. hxg6 hxg6 20. Qxb3 Ba6 21. Qc2 c4 22. dxc4 bxc4 23. Rcd1 Bc5 24. e5 Qd5 25. Ne4 Nd7 26. Nxc5 Nxc5 27. Nxd4 Nd3 28. Nxc6 Nxe1 29. Ne7+ Kh7 30. Rxe1 Qe6 31. Bf3 Qxe7 32. Bxa8 Rxa8 33. e6 f6 34. Qc3 Kg7 35. Re4 Rd8 36. Rf4 Rf8 37. Qe3 g5 38. Rd4 Kg6 39. Rd7 Qe8 40. Qe4+ f5 41. Rg7+ Kh6 42. Qe5 c3 43. Bxc3 1-0

[Event "Hanoi HD Bank op-A 8th"]
[Site "Hanoi"]
[Date "2018.03.14"]
[Round "7"]
[White "Sihite, Chelsie Monica"]
[Black "Abhishek, Kelkar"]
[Result "0-1"]
[WhiteElo "2189"]
[BlackElo "2370"]
[PlyCount "66"]
[EventDate "2018.03.10"]
[EventType "swiss"]
[EventRounds "9"]
[EventCountry "VIE"]
[SourceTitle "CBM 183 Extra"]
[Source "ChessBase"]
[SourceDate "2018.04.19"]
[SourceVersion "1"]
[SourceVersionDate "2018.04.19"]
[SourceQuality "1"]

1. e4 c5 2. Nf3 e6 3. d4 cxd4 4. Nxd4 a6 5. Bd3 Ne7 6. Nd2 Nbc6 7. Nxc6 Nxc6 8. 0-0 Qc7 9. f4 Nb4 10. Nf3 b6 11. Be3 Bb7 12. a3 Bc5 13. Bxc5 Nxd3 14. Bd4 Nxf4 15. Be5 Qc5+ 16. Kh1 Ng6 17. b4 Qc6 18. Bxg7 Rg8 19. Bf6 Qxe4 20. Qd6 Qc6 21. Qg3 h6 22. c4 Ne7 23. Qf4 Qe4 24. Qd2 Nf5 25. Rae1 Qxc4 26. Rc1 Qd5 27. Qf2 Rg6 28. Rfd1 Qe4 29. Re1 Qg4 30. Be5 f6 31. Bc7 Rc8 32. Bxb6 Rxc1 33. Rxc1 Qf4 0-1

[Event "Hanoi HD Bank op-A 8th"]
[Site "Hanoi"]
[Date "2018.03.10"]
[Round "1"]
[White "Vatsal, Singhania"]
[Black "Abhishek, Kelkar"]
[Result "0-1"]
[WhiteElo "2090"]
[BlackElo "2370"]
[PlyCount "78"]
[EventDate "2018.03.10"]
[EventType "swiss"]
[EventRounds "9"]
[EventCountry "VIE"]
[SourceTitle "CBM 183 Extra"]
[Source "ChessBase"]
[SourceDate "2018.04.19"]
[SourceVersion "1"]
[SourceVersionDate "2018.04.19"]
[SourceQuality "1"]

1. e4 c5 2. Nf3 e6 3. d4 cxd4 4. Nxd4 a6 5. c4 Nf6 6. Nc3 Bb4 7. Bd3 Qc7 8. 0-0 Nc6 9. Nc2 Bc5 10. a3 d6 11. b4 Ba7 12. Bf4 Ne5 13. Ne3 Ng6 14. Bg3 Bxe3 15. fxe3 Nd7 16. Rc1 Nde5 17. Be2 Bd7 18. Qd4 Rc8 19. Rfd1 Ke7 20. Rc2 f6 21. Rcd2 Be8 22. Qxd6+ Qxd6 23. Rxd6 Nxc4 24. Rxe6+ Kf7 25. Bxc4 Rxc4 26. Rb6 Bc6 27. b5 axb5 28. Nxb5 Rc2 29. Nd4 Rd8 30. Rdb1 Rc4 31. Nxc6 bxc6 32. Rb7+ Ne7 33. e5 f5 34. Be1 Rd5 35. R7b4 Rxb4 36. Bxb4 c5 37. Be1 Rxe5 38. a4 Rxe3 39. Ra1 c4 0-1

[Event "Moscow Aeroflot op-B 17th"]
[Site "Moscow"]
[Date "2018.02.24"]
[Round "5"]
[White "Shailesh, Dravid"]
[Black "Abhishek, Kelkar"]
[Result "1-0"]
[WhiteElo "2246"]
[BlackElo "2370"]
[PlyCount "95"]
[EventDate "2018.02.20"]
[EventType "swiss"]
[EventRounds "9"]
[EventCountry "RUS"]
[SourceTitle "CBM 183 Extra"]
[Source "ChessBase"]
[SourceDate "2018.04.19"]
[SourceVersion "1"]
[SourceVersionDate "2018.04.19"]
[SourceQuality "1"]

1. e4 c5 2. Nf3 e6 3. d4 cxd4 4. Nxd4 a6 5. Bd3 Ne7 6. 0-0 Nbc6 7. Nf3 Ng6 8. c4 Bc5 9. Nc3 0-0 10. a3 d6 11. Bg5 f6 12. Bd2 e5 13. h3 Be6 14. b4 Ba7 15. Be3 Nd4 16. Bxd4 exd4 17. Ne2 Qd7 18. Nfxd4 Bxh3 19. Nf5 Bg4 20. c5 Bxf5 21. exf5 Ne5 22. Be4 dxc5 23. Qxd7 Nxd7 24. Bxb7 Rab8 25. Bxa6 Ne5 26. b5 c4 27. a4 Rfd8 28. a5 Bc5 29. Ra2 g5 30. b6 Kg7 31. Rc1 Nd3 32. Rxc4 Bxf2+ 33. Kf1 Bc5 34. Rd2 Ra8 35. Rxd3 Rxd3 36. Rxc5 Rxa6 37. Rb5 Rd8 38. Nc3 Rda8 39. b7 Rb8 40. Ne4 Rc6 41. Ke2 h5 42. Ke3 Kh6 43. Kd4 Rd8+ 44. Rd5 Rb8 45. Rd6 Rc2 46. Rxf6+ Kg7 47. Rg6+ Kf8 48. a6 1-0

[Event "Moscow Aeroflot op-B 17th"]
[Site "Moscow"]
[Date "2018.02.23"]
[Round "4"]
[White "Abhishek, Kelkar"]
[Black "Harutyunian, Tigran K"]
[Result "0-1"]
[WhiteElo "2370"]
[BlackElo "2488"]
[PlyCount "124"]
[EventDate "2018.02.20"]
[EventType "swiss"]
[EventRounds "9"]
[EventCountry "RUS"]
[SourceTitle "CBM 183 Extra"]
[Source "ChessBase"]
[SourceDate "2018.04.19"]
[SourceVersion "1"]
[SourceVersionDate "2018.04.19"]
[SourceQuality "1"]

1. Nf3 d5 2. g3 Bg4 3. Bg2 Nd7 4. d3 c6 5. 0-0 Ngf6 6. h3 Bh5 7. Qe1 e5 8. e4 dxe4 9. dxe4 Bc5 10. Nbd2 0-0 11. Nc4 Re8 12. a4 Qc7 13. Nh4 b5 14. Ne3 a6 15. Nhf5 Bf8 16. a5 Nc5 17. b4 Ncxe4 18. Ng4 Bxg4 19. hxg4 Nd6 20. Ne3 h6 21. Bb2 Rad8 22. c4 Nde4 23. Rc1 Qa7 24. Rc2 bxc4 25. Nf5 c3 26. Bxc3 Nxc3 27. Qxc3 Nd5 28. Qxc6 Nxb4 29. Qc7 Rd7 30. Qxa7 Rxa7 31. Rc4 Nd3 32. Rb1 Rd8 33. Bf1 Nc5 34. Rb6 Rc7 35. Rc1 g6 36. Ne3 Kg7 37. Rc2 Rd4 38. Bxa6 Nxa6 39. Rxa6 Rxc2 40. Nxc2 Rxg4 41. Rc6 Ra4 42. a6 Ra5 43. Ne3 Bc5 44. Nc4 Ra1+ 45. Kg2 Bd4 46. Nd6 Ra2 47. Rc7 Kf6 48. Ne8+ Ke6 49. Ng7+ Kd5 50. Rd7+ Kc4 51. Rxf7 Rxa6 52. f3 Kd3 53. Kh3 e4 54. fxe4 Kxe4 55. Ne8 Be5 56. Kg4 Rc6 57. Re7 Kd5 58. Rh7 Rc3 59. Rxh6 Rxg3+ 60. Kh4 Ke4 61. Nf6+ Kf5 62. Nh7 Ra3 0-1

[Event "Moscow Aeroflot op-B 17th"]
[Site "Moscow"]
[Date "2018.02.21"]
[Round "2"]
[White "Abhishek, Kelkar"]
[Black "Jarmula, Lukasz"]
[Result "0-1"]
[WhiteElo "2370"]
[BlackElo "2498"]
[PlyCount "84"]
[EventDate "2018.02.20"]
[EventType "swiss"]
[EventRounds "9"]
[EventCountry "RUS"]
[SourceTitle "CBM 183 Extra"]
[Source "ChessBase"]
[SourceDate "2018.04.19"]
[SourceVersion "1"]
[SourceVersionDate "2018.04.19"]
[SourceQuality "1"]

1. d4 d5 2. Nf3 Nf6 3. c4 e6 4. Nc3 Bb4 5. Qa4+ Nc6 6. e3 0-0 7. Bd2 dxc4 8. Bxc4 Bd6 9. Rd1 e5 10. Nb5 exd4 11. Nxd6 cxd6 12. Nxd4 Nxd4 13. exd4 Re8+ 14. Be3 Bd7 15. Qb4 b5 16. Bb3 a5 17. Qxd6 a4 18. Bc2 Qa5+ 19. Kf1 Rad8 20. Qg3 Bg4 21. Rc1 Rc8 22. Qf4 Bh5 23. Bxh7+ Kxh7 24. Rxc8 Rxc8 25. Qf5+ Bg6 26. Qh3+ Nh5 27. g4 Bd3+ 28. Kg2 Be4+ 29. f3 Rc2+ 30. Bf2 Rxf2+ 31. Kxf2 Qd2+ 32. Kf1 Qd1+ 33. Kf2 Qxd4+ 34. Kf1 Bd3+ 35. Kg2 Qxb2+ 36. Kg1 Qb1+ 37. Kg2 Qxa2+ 38. Kg1 Qb1+ 39. Kg2 Qc2+ 40. Kg1 Qd1+ 41. Kg2 Qe2+ 42. Kg1 a3 0-1

[Event "PRO League Stage"]
[Site "Chess.com INT"]
[Date "2018.01.25"]
[Round "2"]
[White "Abhishek, Kelkar"]
[Black "Hammer, Jon Ludvig"]
[Result "0-1"]
[WhiteElo "2378"]
[BlackElo "2621"]
[PlyCount "96"]
[EventDate "2018.01.18"]
[EventType "team-swiss (rapid)"]
[EventRounds "9"]
[EventCountry "USA"]
[SourceTitle "CBM 182 Extra"]
[Source "ChessBase"]
[SourceDate "2018.02.23"]
[SourceVersion "1"]
[SourceVersionDate "2018.02.23"]
[SourceQuality "1"]
[WhiteTeam "Mumbai Movers"]
[BlackTeam "Norway Gnomes"]
[WhiteTeamCountry "IND"]
[BlackTeamCountry "NOR"]

1. d4 Nf6 2. c4 e6 3. Nf3 d5 4. Nc3 Bb4 5. Qa4+ Nc6 6. e3 0-0 7. Bd2 dxc4 8. Bxc4 Bd6 9. 0-0 e5 10. d5 Ne7 11. e4 a6 12. Qc2 Bg4 13. Be2 c6 14. Bg5 cxd5 15. exd5 Nd7 16. Rad1 h6 17. Bh4 f5 18. h3 Bxf3 19. Bxf3 e4 20. Be2 Rc8 21. f4 Qc7 22. Qd2 Ng6 23. Bg3 Nf6 24. Bh2 Bb4 25. g4 Rfd8 26. Kh1 Bxc3 27. bxc3 Qxc3 28. Qxc3 Rxc3 29. g5 Nxd5 30. Rd4 Nge7 31. Rfd1 Rdc8 32. Rxd5 Nxd5 33. Rxd5 Rxh3 34. Kg2 Rxh2+ 35. Kxh2 Rc2 36. g6 Rxe2+ 37. Kg3 Kf8 38. Rxf5+ Ke8 39. Rf7 Rxa2 40. Rxb7 Ra3+ 41. Kg2 Rf3 42. Rxg7 Rxf4 43. Kg3 Rf6 44. Kg4 e3 45. Rg8+ Ke7 46. Rg7+ Kf8 47. Ra7 e2 48. g7+ Kg8 0-1

[Event "PRO League Stage"]
[Site "Chess.com INT"]
[Date "2018.01.25"]
[Round "2"]
[White "Abhishek, Kelkar"]
[Black "Hansen, Torbjorn Ringdal"]
[Result "0-1"]
[WhiteElo "2378"]
[BlackElo "2410"]
[PlyCount "64"]
[EventDate "2018.01.18"]
[EventType "team-swiss (rapid)"]
[EventRounds "9"]
[EventCountry "USA"]
[SourceTitle "CBM 182 Extra"]
[Source "ChessBase"]
[SourceDate "2018.02.23"]
[SourceVersion "1"]
[SourceVersionDate "2018.02.23"]
[SourceQuality "1"]
[WhiteTeam "Mumbai Movers"]
[BlackTeam "Norway Gnomes"]
[WhiteTeamCountry "IND"]
[BlackTeamCountry "NOR"]

1. d4 Nf6 2. c4 g6 3. Nc3 Bg7 4. e4 d6 5. Nge2 Nbd7 6. Ng3 a6 7. h4 c5 8. d5 h5 9. Bg5 b5 10. cxb5 Qa5 11. a4 0-0 12. Qc2 Ne5 13. b6 Qxb6 14. a5 Qb4 15. Ra4 Qb7 16. Be2 Bd7 17. Ra2 Bb5 18. 0-0 Rfb8 19. f4 Neg4 20. Nxb5 axb5 21. f5 c4 22. fxg6 fxg6 23. b4 Qa7+ 24. Kh1 Nf2+ 25. Rxf2 Qxf2 26. Kh2 Nh7 27. e5 Nxg5 28. Qxg6 Qf4 29. Bg4 Qxg4 30. hxg5 Qh4+ 31. Kg1 Qxg3 32. e6 Rf8 0-1